[Event "Oberliga Sued W 1415"]
[Site "Germany"]
[Date "2015.03.15"]
[Round "8.6"]
[White "Jahn, Peter"]
[Black "Wild, Achim"]
[Result "1/2-1/2"]
[WhiteElo "2054"]
[BlackElo "2125"]
[PlyCount "63"]
[EventDate "2014.09.21"]
[EventType "team-tourn"]
[EventRounds "9"]
[EventCountry "GER"]
[SourceTitle "EXT 2019"]
[Source "ChessBase"]
[SourceDate "2018.10.10"]
[SourceVersion "1"]
[SourceVersionDate "2018.10.10"]
[SourceQuality "1"]
[WhiteTeam "Heimbach Weis/Neuwied"]
[BlackTeam "Schwarzenbach Caissa"]
[WhiteTeamCountry "GER"]
[BlackTeamCountry "GER"]

1. d4 d5 2. c4 c6 3. cxd5 cxd5 4. Bf4 Nc6 5. e3 Nf6 6. Bd3 a6 7. Nc3 e6 8. Rc1 Be7 9. h3 0-0 10. Nf3 Bd7 11. a3 Rc8 12. 0-0 Na5 13. b4 Nc4 14. Bxc4 dxc4 15. Na4 b6 16. Ne5 Be8 17. Bg3 Ne4 18. Bh2 f6 19. Nxc4 b5 20. Nab6 Rc6 21. d5 exd5 22. Qxd5+ Qxd5 23. Nxd5 Rxc4 24. Nxe7+ Kf7 25. Rxc4 bxc4 26. Nf5 Bd7 27. Nd4 Rc8 28. Rc1 Nd2 29. Ne2 Bf5 30. f3 Nb3 31. Rc3 g5 32. Kf2 1/2-1/2

[Event "GER CupT V6"]
[Site "Pirmasens"]
[Date "2015.01.10"]
[Round "1.3"]
[White "Clauer, Denis"]
[Black "Wild, Achim"]
[Result "0-1"]
[WhiteElo "2004"]
[BlackElo "2125"]
[PlyCount "68"]
[EventDate "2015.01.10"]
[EventType "team-k.o."]
[EventRounds "2"]
[EventCountry "GER"]
[SourceTitle "EXT 2019"]
[Source "ChessBase"]
[SourceDate "2018.10.10"]
[SourceVersion "1"]
[SourceVersionDate "2018.10.10"]
[SourceQuality "1"]
[WhiteTeam "Pirmasens SC"]
[BlackTeam "Schwarzenbach Caissa"]
[WhiteTeamCountry "GER"]
[BlackTeamCountry "GER"]

1. e4 d6 2. d4 Nf6 3. Bd3 e5 4. d5 Nbd7 5. c4 c6 6. Be3 Be7 7. h3 Nc5 8. Nc3 Qa5 9. Qc2 Bd7 10. Nf3 cxd5 11. cxd5 Nxd3+ 12. Qxd3 b5 13. Bd2 b4 14. Ne2 Qb5 15. Qxb5 Bxb5 16. Bxb4 Nxe4 17. Nc3 Nxc3 18. Bxc3 Bc4 19. Nd2 Bxd5 20. 0-0 f6 21. Rfd1 Be6 22. b3 d5 23. Bb2 Rc8 24. Rac1 Rxc1 25. Rxc1 Kd7 26. Nb1 g5 27. Kf1 h5 28. Ke2 Rg8 29. Nc3 Rc8 30. Nb1 Rxc1 31. Bxc1 d4 32. Ba3 Bxa3 33. Nxa3 Kc6 34. Nc2 Kc5 0-1

[Event "Oberliga Sued W 1415"]
[Site "Germany"]
[Date "2014.10.19"]
[Round "2.6"]
[White "Wild, Achim"]
[Black "Edel, Ivo"]
[Result "1-0"]
[WhiteElo "2125"]
[BlackElo "1920"]
[PlyCount "103"]
[EventDate "2014.09.21"]
[EventType "team-tourn"]
[EventRounds "9"]
[EventCountry "GER"]
[SourceTitle "EXT 2019"]
[Source "ChessBase"]
[SourceDate "2018.10.10"]
[SourceVersion "1"]
[SourceVersionDate "2018.10.10"]
[SourceQuality "1"]
[WhiteTeam "Schwarzenbach Caissa"]
[BlackTeam "Mutterstadt"]
[WhiteTeamCountry "GER"]
[BlackTeamCountry "GER"]

1. Nf3 Nf6 2. c4 d6 3. d4 g6 4. g3 Bg7 5. Bg2 0-0 6. Nc3 Nc6 7. 0-0 e5 8. d5 Ne7 9. e4 Nh5 10. Ne1 f5 11. exf5 Nf6 12. fxg6 Nxg6 13. Nd3 Bf5 14. f3 Qd7 15. Nf2 Ne7 16. Be3 Bg6 17. Qd2 Nf5 18. Bh3 Qf7 19. Nfe4 Nxe3 20. Be6 Nxf1 21. Bxf7+ Rxf7 22. Rxf1 Nxe4 23. Nxe4 Raf8 24. Qe2 Bxe4 25. Qxe4 b6 26. b4 Bh6 27. Kg2 Bd2 28. a3 a5 29. Qd3 Bh6 30. bxa5 bxa5 31. Rb1 Ra8 32. Rb7 a4 33. Qb1 Raf8 34. Qe4 Bc1 35. c5 Bxa3 36. c6 Bc5 37. Qxa4 Bb6 38. Qb4 Rxf3 39. Qg4+ Kh8 40. Qxf3 Rxf3 41. Kxf3 Ba5 42. Ke4 Kg7 43. Kf5 Kf7 44. Rb5 Bd2 45. Rb8 Ba5 46. g4 Ke7 47. Rh8 Bb6 48. g5 Kf7 49. Rxh7+ Kg8 50. Kg6 Kf8 51. Rf7+ Kg8 52. h4 1-0

[Event "BL2-Sued 1314"]
[Site "Germany"]
[Date "2013.11.24"]
[Round "3.7"]
[White "Pogan, Nikolas"]
[Black "Wild, Achim"]
[Result "1/2-1/2"]
[WhiteElo "2284"]
[BlackElo "2130"]
[PlyCount "90"]
[EventDate "2013.10.13"]
[EventType "team-tourn"]
[EventRounds "9"]
[EventCountry "GER"]
[SourceTitle "EXT 2015"]
[Source "ChessBase"]
[SourceDate "2014.11.20"]
[SourceVersion "1"]
[SourceVersionDate "2014.11.20"]
[SourceQuality "1"]
[WhiteTeam "Schwaebisch Hall"]
[BlackTeam "Schwarzenbach"]
[WhiteTeamCountry "GER"]
[BlackTeamCountry "GER"]

1. d4 d5 2. c4 c6 3. Nf3 Nf6 4. e3 Bf5 5. Nc3 a6 6. Bd3 Bxd3 7. Qxd3 e6 8. 0-0 Nbd7 9. e4 dxe4 10. Nxe4 Nxe4 11. Qxe4 Be7 12. Bf4 0-0 13. Rfd1 Re8 14. Rd3 Rc8 15. Rad1 Qa5 16. a3 Qf5 17. Qxf5 exf5 18. a4 Rcd8 19. Kf1 Bf6 20. Bc7 Rc8 21. Bd6 Re6 22. Bf4 Re4 23. Bd6 g5 24. Rb3 b6 25. Ne5 Bxe5 26. dxe5 Rxc4 27. Be7 Nxe5 28. Rxb6 Rxa4 29. Bxg5 Ra5 30. Bf6 Nc4 31. Rb4 Rd5 32. Ra1 Nd2+ 33. Kg1 Ne4 34. Bh4 Rb5 35. Rxb5 axb5 36. f3 Nc5 37. Bf6 Nd7 38. Bc3 Nb6 39. Kf2 Nd5 40. Bd2 f4 41. g3 fxg3+ 42. hxg3 f6 43. Ra7 Rc7 44. Ra6 b4 45. Ke2 c5 1/2-1/2